| 000 | 00515nam a2200157Ia 4500 | ||
|---|---|---|---|
| 008 | 170221s9999 xx 000 0 und d | ||
| 100 | _aPaatelainen, Laura. | ||
| 245 | 2 | _aA Functional Analysis of the Finnish 2012 Presidential Elections | |
| 245 | _cLaura Paatelainen, Stephen Croucher, Bill Benoit. | ||
| 260 | _bStudies in Media and Communication | ||
| 260 | _c2016 | ||
| 300 | _a4 : 2 | ||
| 650 | _xCommunication | ||
| 650 | _xMedia Arts | ||
| 856 | _uhttp://redfame.com/journal/index.php/smc/issue/view/74 | ||
| 999 |
_c306729 _d306729 |
||